| 000 | 00802nam a2200265 i 4500 | ||
|---|---|---|---|
| 001 | bg | ||
| 245 | 0 | 0 |
_aOdpowiedzialny biznes w Polsce : _bdobre praktyki : raport 2009 / _c[red. Natalia Ćwik, Justyna Januszewska]. |
| 260 |
_aWarszawa : _bForum Odpowiedzialnego Biznesu, _c2010. |
||
| 300 |
_a104 s. : _bil. kolor. ; _c28 cm. |
||
| 504 | _aIndeks. | ||
| 650 | 9 | _aSpołeczna odpowiedzialność biznesu. | |
| 650 | 9 |
_aOrganizacja przedsiębiorstwa _xpraktyka _zPolska |
|
| 700 | 1 |
_aĆwik, Natalia. _eRed. |
|
| 700 | 1 |
_aJanuszewska, Justyna. _eRed. |
|
| 020 | _a9788392093879 | ||
| 040 | _cBPK | ||
| 041 | 0 | _apol | |
| 044 | _aPOL | ||
| 080 | _a658.1/.5 | ||
| 080 | _a(438) | ||
| 080 | _a(047.36) | ||
| 920 | _a978-83-920938-7-9 | ||
| 942 | _cKS | ||
| 008 | 130116s pl a f |000 0 pol | ||
| 999 |
_c53882 _d53882 |
||
| 856 |
_uhttp://koha.tu.koszalin.pl/cgi-bin/koha/opac-detail.pl?biblionumber=53882 _yKatalog online BPK |
||